000 00554nam a22001697a 4500
003 SGT
020 _a9788185989365
082 _a651.74,SIN
100 _aSINHA,K.K
245 _aBUSINESS COMMUNICATION
250 _a4TH
260 _aNEW DELHI
_bGALGOTIA PUBLISHING COMPANY
_c2012
300 _a704
650 _aOFFICE SERVICES, OFFICE COMMUNICATION, ENGLISH
653 _aCOMMUNICATION ON OVERVIEW, ENGLISH FOR EFFECTIVE BUSINESS COMMUNICATION,BUSINESS CORRESPONDENCE,INTRA-ORGANISATIONAL COMMUNICATION,EXTERNAL COMMUNICATION
942 _2ddc
_cFCM
_01
999 _c8921
_d8921